000 01037nam a2200301 a 4500
001 4446047
003 OSt
005 20140310182739.0
008 941118s1993 nyua b 000 0 eng
010 _a 94230823
020 _a0590494198
040 _aDLC
_cDLC
050 0 0 _aLB 1575
_b.Sw94 1993
100 1 _aSweeney, Jacqueline.
245 1 0 _aTeaching poetry :
_byes you can! /
_cJacqueline Sweeney ; [illustrations by Janice Fried].
260 _aNew York :
_bScholastic,
_c1993.
300 _a120 p. :
_bill. ;
_c28 cm.
500 _a"Grades 4-8"--Cover.
504 _aIncludes bibliographical references (p. 116-117).
521 _aEDU
562 _eFor Circulation.1 copy in the collection
650 0 _aPoetry
_xStudy and teaching (Elementary)
650 0 _aPoetry
_xStudy and teaching (Elementary)
_xProblems, exercises, etc.
906 _a7
_bcbc
_corignew
_d2
_encip
_f19
_gy-gencatlg
942 _2lcc
_cBK
_kFOR
999 _c15535
_d15535